00682cam a22002171 4500001001300000003000400013005001700017008004100034010001700075035002000092040001800112042001200130050001800142082001300160100002600173245013900199260006300338300001800401490002800419999001700447ca 36001108 DLC20260227111142.0890829s1929 ohu j 000 0 eng  aca 36001108  a(OCoLC)20273914 aDLCcRPBdDLC apremarc00aPN6120.A5bQ3 a371.89521 aQuackenbush, Edith M.14aThe amateur fireman;ba play for the children from the fifth to the eigth grade for fire prevention week,cby Edith M. Quackenbush ... aFranklin, O.,bEldridge Entertainment House, Inc.,cc1929. a10 p.c19 cm.0 aEldridge juvenile plays c18197d18197